|
|
|
|
| LEADER |
00000naa a2200000uu 4500 |
| 001 |
vtls010941669 |
| 003 |
SK-MaSNL |
| 005 |
20260302123228.0 |
| 008 |
210904|2000 xo |||||||||||||||||slo| |
| 015 |
|
|
|a SNBRA
|
| 035 |
|
|
|a (urnnbn)urn:nbn:sk:snk:ar-a0bc9i
|
| 035 |
|
|
|a (uuid)869ae0a6-7a35-4671-a68c-50349af34d6a
|
| 035 |
|
|
|a urn:nbn:sk:snk-aau4ix
|
| 040 |
|
|
|a SNKBUCL
|b slo
|c SNKBUCL
|e AACR2
|
| 041 |
0 |
|
|a slo
|
| 044 |
|
|
|a xo
|c SK
|
| 100 |
1 |
|
|a Šatanová, Anna
|4 aut
|9 11181
|
| 245 |
1 |
0 |
|a BUDOVANIE SYSTÉMU MANAŽÉRSTVA KVALITY VO VYBRANOM PODNIKU PODĽA NORIEM STN EN ISO 9000
|c Anna Šatanová
|
| 246 |
3 |
|
|a IMPLEMENTATION OF SYSTEM OF QUALITY MANAGEMENT IN THE CHOSEN COMPANY IN ACCORDING TO STANDARDS STN EN ISO 9000
|
| 773 |
0 |
|
|t CO-MAT-TECH 2000
|d Bratislava : Slovenská technická univerzita, 2000
|g S. 269-275
|z 8022714135
|
| 958 |
|
|
|a OND
|
| 958 |
|
|
|a article11
|
| 958 |
|
|
|a chapter
|
| 999 |
|
|
|c 1282012
|d 1283942
|